Statistics for Fill in the Blank Movie Quotes #1

Click here to take the quiz!

General Stats

  • This quiz has been taken 1,124 times
    (1,115 since last reset)
  • The average score is 15 of 23

Answer Stats

MovieHintAnswer% Correct
Star Wars"May the ____ be with you."Force
91%
Titanic"I'm king of the ____!"world
90%
Jaws"You're gonna need a bigger ____."boat
88%
Apollo 13"____, we have a problem."Houston
88%
The Godfather"I'm gonna make him an ____ he can't refuse."offer
87%
The Wizard of Oz"Toto, I've got a feeling we're not in ____ anymore."Kansas
84%
The Shining"Here's ____!"Johnny
82%
Goldfinger"A martini. ____, not stirred."Shaken
81%
Jerry Maguire"You had me at ____."'hello'
79%
A Few Good Men"You can't handle the ____!"truth
79%
The Usual Suspects"The greatest trick the Devil ever pulled was convincing the world he didn't ____."exist
78%
Dirty Dancing"No one puts ____ in a corner."Baby
76%
The Silence of the Lambs"I ate his ____ with some fava beans and a nice chianti."liver
75%
Casablanca"Here's ____ at you, kid."looking
74%
The Maltese Falcon"The stuff that ____ are made of."dreams
62%
Back to the Future"Where we're going, we don't need ____!"roads
60%
Citizen Kane"____."Rosebud
45%
Soylent Green"Soylent green is ____!"People
39%
Dracula"I never drink... ____."wine
37%
Treasure of the Sierra Madre"We don't need no ____! I don't have to show you any stinking ____!"badges
28%
The Italian Job"I trust everyone. It's the ____ inside them I don't trust."devil
28%
The Graduate"____."Plastics
14%
Tarzan"Are you sure this water's sanitary? It looks ____ to me!"questionable
8%

Score Distribution

Percentile by Number Answered

Percent of People with Each Score

Your Score History

You have not taken this quiz since the last reset